[Event "Titled Tuesday intern op 02nd Apr Early"]
[Site "Chess.com INT"]
[Date "2024.04.02"]
[Round "3"]
[White "Avila Bautista, Roberto Al"]
[Black "Skatchkov, Valery"]
[Result "0-1"]
[WhiteElo "2202"]
[BlackElo "2201"]
[PlyCount "78"]
[EventDate "2024.04.02"]
[EventType "swiss (blitz)"]
[EventRounds "11"]
[EventCountry "USA"]
[SourceTitle "CB15_2024"]
[SourceDate "2024.04.10"]
[SourceVersion "1"]
[SourceVersionDate "2024.04.10"]
[SourceQuality "1"]

1. Nf3 d5 2. b3 Nf6 3. Bb2 Bf5 4. c4 e6 5. g3 h6 6. Bg2 c6 7. 0-0 Nbd7 8. d3 Bh7 9. Nbd2 Bd6 10. a3 0-0 11. Ra2 a5 12. Qa1 Re8 13. Ne5 Nxe5 14. Bxe5 Bxe5 15. Qxe5 Nd7 16. Qa1 Qe7 17. Rc1 h5 18. Rac2 h4 19. Qb2 hxg3 20. hxg3 Rad8 21. b4 axb4 22. axb4 Qg5 23. b5 Qh5 24. Nf3 c5 25. b6 Bf5 26. Qb5 Bg4 27. Ra2 Bxf3 28. Bxf3 Qg5 29. Rb1 Ne5 30. Kg2 dxc4 31. dxc4 Qf5 32. Ra7 Re7 33. Rb2 Rd1 34. Rba2 Nxf3 35. exf3 Qh5 36. Ra8+ Kh7 37. g4 Qh1+ 38. Kg3 g5 39. f4 Rg1# 0-1

[Event "Titled Tuesday intern op 02nd Apr Early"]
[Site "Chess.com INT"]
[Date "2024.04.02"]
[Round "11"]
[White "Goncharov, Vladimir"]
[Black "Avila Bautista, Roberto Al"]
[Result "0-1"]
[WhiteElo "2077"]
[BlackElo "2202"]
[PlyCount "92"]
[EventDate "2024.04.02"]
[EventType "swiss (blitz)"]
[EventRounds "11"]
[EventCountry "USA"]
[SourceTitle "CB15_2024"]
[SourceDate "2024.04.10"]
[SourceVersion "1"]
[SourceVersionDate "2024.04.10"]
[SourceQuality "1"]

1. d4 Nf6 2. c4 c5 3. d5 e6 4. Nc3 exd5 5. cxd5 d6 6. Nf3 g6 7. Bf4 Bg7 8. h3 0-0 9. e3 Na6 10. Be2 Nc7 11. a4 Re8 12. 0-0 b6 13. Bg5 Rb8 14. Bb5 Bd7 15. Qd3 Qc8 16. Bxd7 Nxd7 17. Nd2 Ne5 18. Qc2 a6 19. Bf4 b5 20. axb5 axb5 21. Nde4 Qd7 22. Bg5 b4 23. Ne2 b3 24. Qd1 Nc4 25. Nf6+ Bxf6 26. Bxf6 Qf5 27. Bc3 Nxd5 28. g4 Nxc3 29. Nxc3 Qe5 30. Rb1 Nxb2 31. Qd2 Nc4 32. Qd3 d5 33. Nxd5 Red8 34. e4 Nd6 35. Rfe1 Kh8 36. f4 Qd4+ 37. Qxd4+ cxd4 38. Nf6 b2 39. Re2 Nc4 40. Kf2 d3 41. Ree1 d2 42. Red1 Na3 43. Nd5 Nxb1 44. Rxb1 Kg8 45. Rd1 b1Q 46. Rxd2 Rb2 0-1

[Event "Titled Tuesday intern op 02nd Apr Early"]
[Site "Chess.com INT"]
[Date "2024.04.02"]
[Round "2"]
[White "Piddubna, Bozhena"]
[Black "Avila Bautista, Roberto Al"]
[Result "0-1"]
[WhiteElo "2005"]
[BlackElo "2202"]
[PlyCount "158"]
[EventDate "2024.04.02"]
[EventType "swiss (blitz)"]
[EventRounds "11"]
[EventCountry "USA"]
[SourceTitle "CB15_2024"]
[SourceDate "2024.04.10"]
[SourceVersion "1"]
[SourceVersionDate "2024.04.10"]
[SourceQuality "1"]

1. c4 Nf6 2. d4 c5 3. d5 d6 4. Nc3 g6 5. Nf3 Bg7 6. h3 0-0 7. e4 Na6 8. Be3 Nc7 9. Be2 a6 10. a4 Rb8 11. a5 b5 12. axb6 Rxb6 13. Qc2 Bd7 14. 0-0 Qb8 15. Rfb1 Qb7 16. e5 Bf5 17. Bd3 Bxd3 18. Qxd3 Nd7 19. exd6 exd6 20. Ra2 Rb8 21. Bf4 Rb3 22. Rba1 Ne5 23. Nxe5 dxe5 24. Bh2 f5 25. d6 Ne6 26. Qd5 Qxd5 27. Nxd5 Rxb2 28. Rxb2 Rxb2 29. g4 f4 30. Rxa6 f3 31. Bg3 Rb8 32. Ra7 Kh8 33. Ne7 Rd8 34. d7 Nf8 35. Nc6 Rxd7 36. Ra8 Kg8 37. Nxe5 Rd1+ 38. Kh2 Rd2 39. Nc6 Kf7 40. Ne5+ Bxe5 41. Bxe5 Rxf2+ 42. Kg3 Rc2 43. Bd6 Ne6 44. Ra7+ Kg8 45. Kxf3 Rxc4 46. Ra8+ Kg7 47. Be5+ Kf7 48. Ra7+ Kf8 49. Rxh7 Ng5+ 50. Ke3 Nxh7 51. Kd3 Ra4 52. h4 Kf7 53. h5 gxh5 54. gxh5 Ke6 55. Bc3 Kf5 56. h6 Kg5 57. Bg7 Kg6 58. Kc3 Nf6 59. Kc2 Ng4 60. Kc3 Nxh6 61. Bxh6 Kxh6 62. Kb3 Rb4+ 63. Kc3 Kg6 64. Kd3 Kf5 65. Kc3 Ke5 66. Kd3 Kd5 67. Kc3 Rh4 68. Kd3 Rh3+ 69. Kc2 Kd4 70. Kb2 c4 71. Ka2 c3 72. Kb3 Kd3 73. Ka2 c2 74. Kb2 Rh1 75. Ka2 Rb1 76. Ka3 Rb8 77. Ka2 Kd2 78. Ka3 c1Q+ 79. Ka2 Qb2# 0-1

[Event "Titled Tuesday intern op 02nd Apr Early"]
[Site "Chess.com INT"]
[Date "2024.04.02"]
[Round "9"]
[White "Shubhi, Gupta"]
[Black "Avila Bautista, Roberto Al"]
[Result "0-1"]
[WhiteElo "1953"]
[BlackElo "2202"]
[PlyCount "51"]
[EventDate "2024.04.02"]
[EventType "swiss (blitz)"]
[EventRounds "11"]
[EventCountry "USA"]
[SourceTitle "CB15_2024"]
[SourceDate "2024.04.10"]
[SourceVersion "1"]
[SourceVersionDate "2024.04.10"]
[SourceQuality "1"]

1. d4 Nf6 2. Nf3 c5 3. d5 d6 4. Nc3 g6 5. e4 Bg7 6. Be3 0-0 7. h3 b5 8. Bxb5 Nxe4 9. Nxe4 Qa5+ 10. Qd2 Qxb5 11. c3 Ba6 12. 0-0-0 Nd7 13. h4 Rab8 14. h5 Nb6 15. Qc2 Nc4 16. b3 Qa5 17. bxc4 Bxc4 18. Kd2 Bxd5 19. Nfg5 Bc4 20. hxg6 hxg6 21. Rh7 Qa3 22. Rb1 Bxa2 23. Rxb8 Rxb8 24. Ke1 Rb1+ 25. Ke2 Rb2 26. Qxb2 0-1

[Event "Titled Tuesday intern op 02nd Apr Early"]
[Site "Chess.com INT"]
[Date "2024.04.02"]
[Round "5"]
[White "Skliarov, Viktor"]
[Black "Avila Bautista, Roberto Al"]
[Result "1-0"]
[WhiteElo "2345"]
[BlackElo "2202"]
[PlyCount "57"]
[EventDate "2024.04.02"]
[EventType "swiss (blitz)"]
[EventRounds "11"]
[EventCountry "USA"]
[SourceTitle "CB15_2024"]
[SourceDate "2024.04.10"]
[SourceVersion "1"]
[SourceVersionDate "2024.04.10"]
[SourceQuality "1"]

1. e4 c5 2. Nf3 g6 3. d4 cxd4 4. Qxd4 Nf6 5. Nc3 Nc6 6. Qa4 d6 7. e5 dxe5 8. Nxe5 Bg7 9. Nxc6 bxc6 10. Qxc6+ Bd7 11. Qa6 0-0 12. Be2 Qc7 13. 0-0 Rfb8 14. Bf3 Rb6 15. Qxb6 Qxb6 16. Bxa8 h5 17. h3 Bf5 18. Nd5 Nxd5 19. Bxd5 Bxc2 20. Bb3 Be4 21. Be3 Qb7 22. f3 Bd3 23. Rf2 Be5 24. Rd1 Bf5 25. Bd5 Qa6 26. Rfd2 Qa4 27. Bg5 e6 28. Bb3 Kg7 29. Bxa4 1-0

[Event "Titled Tuesday intern op 12th Mar Late"]
[Site "Chess.com INT"]
[Date "2024.03.12"]
[Round "1"]
[White "Avila Bautista, Roberto Al"]
[Black "Makarian, Rudik"]
[Result "0-1"]
[WhiteElo "2202"]
[BlackElo "2525"]
[PlyCount "72"]
[EventDate "2024.03.12"]
[EventType "swiss (blitz)"]
[EventRounds "11"]
[EventCountry "USA"]
[SourceTitle "CB12_2024"]
[SourceDate "2023.10.01"]
[SourceVersion "1"]
[SourceVersionDate "2023.10.01"]
[SourceQuality "1"]

1. Nf3 Nf6 2. b3 d5 3. Bb2 Bg4 4. g3 Bxf3 5. exf3 g6 6. Bg2 Bg7 7. 0-0 0-0 8. f4 e6 9. d3 c5 10. Nd2 Nc6 11. Re1 Rc8 12. Nf3 Nd7 13. Bxg7 Kxg7 14. Qd2 Qf6 15. Rad1 b5 16. h4 b4 17. Bh3 Qc3 18. Qxc3+ bxc3 19. Re2 a5 20. a4 Nb6 21. Rde1 Nb4 22. Ne5 Rc7 23. h5 c4 24. dxc4 dxc4 25. Nxc4 Nxc4 26. bxc4 Rd8 27. hxg6 hxg6 28. Bf1 Rxc4 29. Rxe6 fxe6 30. Bxc4 Nxc2 31. Rxe6 Na3 32. Re7+ Kh6 33. Bb3 Rb8 34. Bc2 Nxc2 35. Rc7 Nd4 36. Kg2 c2 0-1

[Event "Titled Tuesday intern op 27th Feb Late"]
[Site "Chess.com INT"]
[Date "2024.02.27"]
[Round "4"]
[White "Avila Bautista, Roberto Al"]
[Black "Gokerkan, Cem Kaan"]
[Result "0-1"]
[WhiteElo "2202"]
[BlackElo "2523"]
[PlyCount "50"]
[EventDate "2024.02.27"]
[EventType "swiss (blitz)"]
[EventRounds "11"]
[EventCountry "USA"]
[SourceTitle "CB10_2024"]
[SourceDate "2024.03.06"]
[SourceVersion "1"]
[SourceVersionDate "2024.03.06"]
[SourceQuality "1"]

1. Nf3 g6 2. g3 Bg7 3. Bg2 c5 4. 0-0 d5 5. c4 d4 6. d3 Nc6 7. Na3 e5 8. Nc2 Nge7 9. Rb1 a5 10. b3 0-0 11. a3 Qc7 12. b4 b6 13. b5 Nd8 14. Nxe5 Bxe5 15. Bxa8 Nb7 16. f4 Bg7 17. e4 dxe3 18. Bxe3 Qb8 19. Bxb7 Bxb7 20. Qe2 Nf5 21. Rbd1 Re8 22. Qf2 Nxe3 23. Nxe3 Rxe3 24. Rfe1 Rxe1+ 25. Rxe1 Bd4 0-1

[Event "Titled Tuesday intern op 27th Feb Late"]
[Site "Chess.com INT"]
[Date "2024.02.27"]
[Round "7"]
[White "Avila Bautista, Roberto Al"]
[Black "Przybylski, Wojciech"]
[Result "0-1"]
[WhiteElo "2202"]
[BlackElo "2308"]
[PlyCount "62"]
[EventDate "2024.02.27"]
[EventType "swiss (blitz)"]
[EventRounds "11"]
[EventCountry "USA"]
[SourceTitle "CB10_2024"]
[SourceDate "2024.03.06"]
[SourceVersion "1"]
[SourceVersionDate "2024.03.06"]
[SourceQuality "1"]

1. Nf3 Nf6 2. c4 e6 3. g3 Be7 4. Bg2 0-0 5. 0-0 Re8 6. b3 c5 7. Bb2 Nc6 8. e3 b6 9. Qe2 Bb7 10. Rd1 d5 11. cxd5 exd5 12. d4 Qc7 13. Nc3 Rad8 14. Rac1 a6 15. dxc5 bxc5 16. Na4 Ne4 17. Nd2 Nxd2 18. Qxd2 d4 19. e4 Qe5 20. Qf4 Qh5 21. Bf3 Qg6 22. Nxc5 Bg5 23. Qg4 Ne5 24. Qh5 Bxc1 25. Bxc1 Ba8 26. Qxg6 Nxf3+ 27. Kg2 hxg6 28. Kxf3 f5 29. Re1 fxe4+ 30. Nxe4 Rxe4 31. Rxe4 Re8 0-1

[Event "World Amateur-ch U2300"]
[Site "Muscat"]
[Date "2023.11.10"]
[Round "9"]
[White "Avila Bautista, Roberto Al"]
[Black "Arce Benito, Victor"]
[Result "1-0"]
[WhiteElo "2209"]
[BlackElo "2001"]
[PlyCount "77"]
[EventDate "2023.11.02"]
[EventType "swiss"]
[EventRounds "9"]
[EventCountry "OMN"]
[SourceTitle "CB46_2023"]
[SourceDate "2023.11.15"]
[SourceVersion "1"]
[SourceVersionDate "2023.11.15"]
[SourceQuality "1"]

1. Nf3 Nf6 2. c4 e6 3. g3 d5 4. b3 b5 5. Bg2 Be7 6. 0-0 0-0 7. cxb5 a6 8. bxa6 Bxa6 9. Bb2 Nbd7 10. d3 c6 11. Nbd2 Qb6 12. Ne5 Nxe5 13. Bxe5 Nd7 14. Bb2 f5 15. Nf3 Bd6 16. d4 f4 17. Qc2 Nf6 18. Ne5 c5 19. dxc5 Bxc5 20. gxf4 Rac8 21. Qd1 d4 22. Nd3 Be7 23. Qd2 Nh5 24. Bf3 Rf5 25. Rac1 Bf6 26. Rxc8+ Bxc8 27. Bg4 Rd5 28. Qb4 Rb5 29. Qc4 Bd7 30. Rc1 Nxf4 31. Nxf4 Rg5 32. h3 Be5 33. Nd3 Bf6 34. Qc7 Qxc7 35. Rxc7 h5 36. Rxd7 hxg4 37. Bc1 Ra5 38. hxg4 Rxa2 39. g5 1-0

[Event "World Amateur-ch U2300"]
[Site "Muscat"]
[Date "2023.11.08"]
[Round "7"]
[White "Avila Bautista, Roberto Al"]
[Black "Majumder, Shrayan"]
[Result "1-0"]
[WhiteElo "2209"]
[BlackElo "1921"]
[PlyCount "57"]
[EventDate "2023.11.02"]
[EventType "swiss"]
[EventRounds "9"]
[EventCountry "OMN"]
[SourceTitle "CB46_2023"]
[SourceDate "2023.11.15"]
[SourceVersion "1"]
[SourceVersionDate "2023.11.15"]
[SourceQuality "1"]

1. Nf3 d5 2. b3 c5 3. e3 Nc6 4. Bb2 Nf6 5. Bb5 Bd7 6. 0-0 e6 7. c4 a6 8. Bxc6 Bxc6 9. Ne5 Bd6 10. d3 Rc8 11. Qe2 0-0 12. Nd2 Be8 13. f4 Nd7 14. cxd5 exd5 15. Qg4 f5 16. Qh3 Qe7 17. Ndf3 b5 18. Rac1 Nxe5 19. Nxe5 c4 20. bxc4 dxc4 21. dxc4 Bxe5 22. fxe5 Qb4 23. Bd4 Rc7 24. Rb1 Rxc4 25. e6 Qd2 26. Qg3 Bg6 27. e7 f4 28. Qxg6 Rf5 29. e8Q+ 1-0

[Event "Titled Tuesday intern op 12th Sep Late"]
[Site "Chess.com INT"]
[Date "2023.09.12"]
[Round "4"]
[White "Avila Bautista, Roberto Al"]
[Black "Diaz Perez, Michel Alejandro"]
[Result "0-1"]
[WhiteElo "2209"]
[BlackElo "2473"]
[PlyCount "166"]
[EventDate "2023.09.12"]
[EventType "swiss (blitz)"]
[EventRounds "11"]
[EventCountry "USA"]
[SourceTitle "EXT 2024"]
[Source "ChessBase"]
[SourceDate "2023.10.10"]
[SourceVersion "1"]
[SourceVersionDate "2023.10.10"]
[SourceQuality "1"]

1. Nf3 Nf6 2. b3 d6 3. Bb2 Nbd7 4. c4 e5 5. g3 b6 6. Bg2 Bb7 7. 0-0 Be7 8. Nc3 0-0 9. d4 Re8 10. dxe5 dxe5 11. Qc2 Qc8 12. Rfd1 Bf8 13. Nd5 Nxd5 14. cxd5 e4 15. Ng5 f5 16. Ne6 Nc5 17. Bh3 Nxe6 18. Bxf5 Nd4 19. Bxc8 Nxc2 20. Bxb7 Nxa1 21. Bxa8 Rxa8 22. Rxa1 Rd8 23. Rc1 Rxd5 24. Rxc7 Rd2 25. Be5 Rxa2 26. e3 h6 27. Rb7 Ra3 28. Rb8 Kf7 29. Rxf8+ Ke6 30. Ra8 Kxe5 31. Kg2 a5 32. Re8+ Kf6 33. Rxe4 Rxb3 34. Rf4+ Ke6 35. Re4+ Kd5 36. Rd4+ Kc5 37. Rd8 a4 38. Ra8 a3 39. e4 Kb4 40. e5 Rc3 41. f4 Kb3 42. Rb8 Rc6 43. Ra8 a2 44. Kf3 b5 45. Ke4 b4 46. Kd5 Rb6 47. e6 Rb7 48. Kd6 Kb2 49. e7 Rxe7 50. Kxe7 a1Q 51. Rxa1 Kxa1 52. Kf7 b3 53. Kxg7 b2 54. f5 b1Q 55. f6 Qf5 56. f7 Qg5+ 57. Kh8 Qf6+ 58. Kg8 Qg6+ 59. Kf8 h5 60. Ke7 Qe4+ 61. Kf6 Qf3+ 62. Ke7 Qe4+ 63. Kf6 Qa8 64. Kg7 Qb7 65. Kg6 Qc8 66. Kg7 Qd7 67. Kg8 Qe6 68. Kg7 Qe7 69. Kg8 Qg5+ 70. Kh7 Qf6 71. Kg8 Qg6+ 72. Kf8 Kb2 73. Ke7 Qg7 74. Ke6 Qf8 75. Kf6 Kc3 76. h3 Kd4 77. g4 hxg4 78. hxg4 Kd5 79. g5 Qh8+ 80. Ke7 Qg7 81. g6 Ke5 82. Ke8 Ke6 83. f8Q Qd7# 0-1

[Event "Titled Tuesday intern op 29th Aug Late"]
[Site "Chess.com INT"]
[Date "2023.08.29"]
[Round "1"]
[White "Avila Bautista, Roberto Al"]
[Black "Xu, Gordon"]
[Result "1-0"]
[WhiteElo "2251"]
[BlackElo "2002"]
[PlyCount "129"]
[EventDate "2023.08.29"]
[EventType "swiss (blitz)"]
[EventRounds "11"]
[EventCountry "USA"]
[SourceTitle "EXT 2024"]
[Source "ChessBase"]
[SourceDate "2023.10.10"]
[SourceVersion "1"]
[SourceVersionDate "2023.10.10"]
[SourceQuality "1"]

1. Nf3 Nf6 2. b3 g6 3. Bb2 Bg7 4. c4 0-0 5. g3 c6 6. Bg2 d5 7. 0-0 Nbd7 8. d3 Re8 9. Ne5 Qc7 10. Nxd7 Bxd7 11. Nd2 e5 12. Rc1 Qd6 13. Qc2 Rac8 14. Qb1 Bf5 15. cxd5 cxd5 16. Rxc8 Rxc8 17. Rc1 Ng4 18. h3 Nf6 19. Nf3 Ne8 20. Rxc8 Bxc8 21. Qa1 f6 22. Qc1 Qc7 23. Qd2 Bf8 24. Qe3 Bc5 25. Qh6 Bf8 26. Qh4 Qc2 27. Nxe5 Qxb2 28. Bxd5+ Kg7 29. Ng4 Qc1+ 30. Kg2 Bc5 31. e3 Bxg4 32. Qxg4 f5 33. Qa4 Nf6 34. Bxb7 Qc2 35. Qc4 Qxc4 36. bxc4 Nd7 37. d4 Be7 38. c5 Nb8 39. g4 Kf6 40. gxf5 gxf5 41. Kf3 Bf8 42. Ke2 Ke6 43. Bc8+ Kf6 44. Bb7 Be7 45. Kd3 Bd8 46. f3 Nd7 47. e4 fxe4+ 48. fxe4 Nf8 49. Kc4 Ke6 50. Bc8+ Ke7 51. d5 Ng6 52. d6+ Kf6 53. Kd5 Nf4+ 54. Kc6 Ba5 55. Bf5 h6 56. Kd7 Nd3 57. Kc6 Ne5+ 58. Kb5 Bd8 59. c6 a6+ 60. Kc5 Nd3+ 61. Kd4 Nb4 62. c7 Nc6+ 63. Kc5 Bxc7 64. dxc7 Na7 65. Kb6 1-0

[Event "Titled Tuesday intern op 01st Aug Early"]
[Site "Chess.com INT"]
[Date "2023.08.01"]
[Round "7"]
[White "Khalikov, Bulat"]
[Black "Avila Bautista, Roberto Al"]
[Result "1-0"]
[WhiteElo "2171"]
[BlackElo "2251"]
[PlyCount "69"]
[EventDate "2023.08.01"]
[EventType "swiss (blitz)"]
[EventRounds "11"]
[EventCountry "USA"]
[SourceTitle "EXT 2024"]
[Source "ChessBase"]
[SourceDate "2023.10.10"]
[SourceVersion "1"]
[SourceVersionDate "2023.10.10"]
[SourceQuality "1"]

1. e4 c5 2. Nf3 g6 3. d4 cxd4 4. Nxd4 Bg7 5. Nc3 Nc6 6. Be3 Nf6 7. Bc4 0-0 8. Bb3 d5 9. exd5 Na5 10. Qf3 Nxb3 11. axb3 Bg4 12. Qg3 Qd7 13. h3 Bf5 14. Qf3 Rfd8 15. Nxf5 gxf5 16. Rd1 b6 17. 0-0 Rac8 18. Bd4 b5 19. b4 Rc4 20. Bc5 Ne4 21. Nxe4 fxe4 22. Qb3 Qf5 23. c3 Rxd5 24. Rxd5 Qxd5 25. Rd1 Qe6 26. Rd8+ Bf8 27. Bxa7 Rc6 28. Qd1 Rd6 29. Rxd6 exd6 30. Bd4 f5 31. Qe2 Qd5 32. Qh5 Bg7 33. Qe8+ Bf8 34. Qd8 f4 35. Qf6 1-0

[Event "Titled Tuesday intern op 01st Aug Early"]
[Site "Chess.com INT"]
[Date "2023.08.01"]
[Round "5"]
[White "Zaksaite, Salomeja"]
[Black "Avila Bautista, Roberto Al"]
[Result "0-1"]
[WhiteElo "2217"]
[BlackElo "2251"]
[PlyCount "62"]
[EventDate "2023.08.01"]
[EventType "swiss (blitz)"]
[EventRounds "11"]
[EventCountry "USA"]
[SourceTitle "EXT 2024"]
[Source "ChessBase"]
[SourceDate "2023.10.10"]
[SourceVersion "1"]
[SourceVersionDate "2023.10.10"]
[SourceQuality "1"]

1. e4 c5 2. Nf3 g6 3. Bc4 Bg7 4. c3 Nc6 5. d4 cxd4 6. cxd4 d6 7. 0-0 Nf6 8. Nc3 0-0 9. h3 Nxe4 10. Bxf7+ Rxf7 11. Nxe4 h6 12. Be3 g5 13. d5 Ne5 14. Nd4 Qa5 15. Ne6 Bxe6 16. dxe6 Rf5 17. Rc1 Raf8 18. Nxd6 exd6 19. e7 Re8 20. Qxd6 Nc6 21. b4 Qe5 22. Qg6 Rxe7 23. Rfe1 Qf6 24. Qh5 Rf7 25. b5 Rxb5 26. Qg4 Qf5 27. Qc4 Re5 28. Qb3 Kh7 29. Rcd1 Qe6 30. Qb1+ Qg6 31. Qb3 Re6 0-1

[Event "Titled Tuesday intern op 18th Jul Late"]
[Site "Chess.com INT"]
[Date "2023.07.18"]
[Round "9"]
[White "Avila Bautista, Roberto Al"]
[Black "Matinian, Nikita"]
[Result "0-1"]
[WhiteElo "2251"]
[BlackElo "2421"]
[PlyCount "60"]
[EventDate "2023.07.18"]
[EventType "swiss (blitz)"]
[EventRounds "11"]
[EventCountry "USA"]
[SourceTitle "EXT 2024"]
[Source "ChessBase"]
[SourceDate "2023.10.10"]
[SourceVersion "1"]
[SourceVersionDate "2023.10.10"]
[SourceQuality "1"]

1. Nf3 Nf6 2. b3 g6 3. Bb2 Bg7 4. g3 d6 5. Bg2 c5 6. 0-0 e5 7. c4 0-0 8. Nc3 Nc6 9. e3 Re8 10. Re1 e4 11. Ng5 h6 12. Nh3 Bg4 13. Qc1 Ne5 14. Qc2 Qd7 15. Nf4 g5 16. Nfd5 Nxd5 17. Nxd5 Nf3+ 18. Kh1 Nxe1 19. Rxe1 Bf3 20. Bxf3 exf3 21. Bxg7 Kxg7 22. Qb2+ Re5 23. d4 cxd4 24. Qxd4 Rae8 25. Qxa7 Rxd5 26. cxd5 Re4 27. Qa5 Qh3 28. Qc3+ Re5 29. Rg1 g4 30. Qd4 Kg8 0-1

[Event "Titled Tuesday intern op 18th Jul Late"]
[Site "Chess.com INT"]
[Date "2023.07.18"]
[Round "5"]
[White "Avila Bautista, Roberto Al"]
[Black "Rios Escobar, Adan"]
[Result "1-0"]
[WhiteElo "2251"]
[BlackElo "2234"]
[PlyCount "97"]
[EventDate "2023.07.18"]
[EventType "swiss (blitz)"]
[EventRounds "11"]
[EventCountry "USA"]
[SourceTitle "EXT 2024"]
[Source "ChessBase"]
[SourceDate "2023.10.10"]
[SourceVersion "1"]
[SourceVersionDate "2023.10.10"]
[SourceQuality "1"]

1. Nf3 Nf6 2. b3 d6 3. Bb2 e5 4. c4 c5 5. g3 Nc6 6. Bg2 g6 7. 0-0 Bg7 8. Nc3 0-0 9. e3 h6 10. d4 cxd4 11. exd4 e4 12. Ne1 Bg4 13. Qd2 Re8 14. Nc2 Bf3 15. Rfe1 Bxg2 16. Kxg2 d5 17. Rad1 Ne7 18. Ne3 Rc8 19. Re2 Qd7 20. Rde1 h5 21. h4 Bh6 22. Qd1 Bxe3 23. Rxe3 Nf5 24. R3e2 dxc4 25. bxc4 Qxd4 26. Nxe4 Qxb2 27. Rxb2 Rxe4 28. Rxe4 Nxe4 29. Qd7 Rxc4 30. Qxb7 Nfd6 31. Qxa7 Rc1 32. a4 Ra1 33. a5 Nc4 34. Qa8+ Kh7 35. Qxe4 Nxb2 36. Qe5 Ra2 37. Qd5 Ra3 38. Qxf7+ Kh6 39. Qf8+ Kh7 40. Qxa3 Nc4 41. Qe7+ Kh6 42. a6 g5 43. Qe6+ Kh7 44. Qxc4 g4 45. Qe6 Kg7 46. a7 Kh7 47. a8Q Kg7 48. Qb7+ Kh8 49. Qec8# 1-0

[Event "Titled Tuesday intern op 18th Jul Early"]
[Site "Chess.com INT"]
[Date "2023.07.18"]
[Round "1"]
[White "Avila Bautista, Roberto Al"]
[Black "Tqebuchava, Zurab"]
[Result "1/2-1/2"]
[WhiteElo "2251"]
[BlackElo "2303"]
[PlyCount "42"]
[EventDate "2023.07.18"]
[EventType "swiss (blitz)"]
[EventRounds "11"]
[EventCountry "USA"]
[SourceTitle "EXT 2024"]
[Source "ChessBase"]
[SourceDate "2023.10.10"]
[SourceVersion "1"]
[SourceVersionDate "2023.10.10"]
[SourceQuality "1"]

1. Nf3 d6 2. c4 Nf6 3. g3 e5 4. Nc3 Be7 5. Bg2 0-0 6. 0-0 c6 7. b3 h6 8. Bb2 Be6 9. d4 Nbd7 10. dxe5 dxe5 11. Qc2 Bg4 12. Rfd1 Bxf3 13. Bxf3 Qc7 14. Rd2 Rad8 15. Rad1 Nc5 16. h4 Rxd2 17. Rxd2 Rd8 18. e3 Rxd2 19. Qxd2 Qd6 20. Qxd6 Bxd6 21. Be2 Kf8 1/2-1/2

[Event "Titled Tuesday intern op 18th Jul Early"]
[Site "Chess.com INT"]
[Date "2023.07.18"]
[Round "11"]
[White "Shuvalova, Polina"]
[Black "Avila Bautista, Roberto Al"]
[Result "1-0"]
[WhiteElo "2496"]
[BlackElo "2251"]
[PlyCount "61"]
[EventDate "2023.07.18"]
[EventType "swiss (blitz)"]
[EventRounds "11"]
[EventCountry "USA"]
[SourceTitle "EXT 2024"]
[Source "ChessBase"]
[SourceDate "2023.10.10"]
[SourceVersion "1"]
[SourceVersionDate "2023.10.10"]
[SourceQuality "1"]

1. e4 c5 2. Nf3 g6 3. c3 d5 4. exd5 Qxd5 5. d4 Bg7 6. Na3 cxd4 7. Nb5 Na6 8. Nbxd4 Nf6 9. Be3 0-0 10. Be2 Ng4 11. Bg5 Re8 12. h3 Nf6 13. 0-0 Nc5 14. Nb5 Qxd1 15. Rfxd1 Ne6 16. Be3 a6 17. Na3 b5 18. Nc2 Bb7 19. a4 Nc7 20. axb5 axb5 21. Bc5 e6 22. Nfd4 Ba6 23. Nb4 Nfd5 24. Nxa6 Nxa6 25. Bd6 Bxd4 26. Rxd4 Red8 27. Bg3 Nac7 28. Rxa8 Rxa8 29. Bxc7 Nxc7 30. Rd7 Ra7 31. Bf3 1-0

[Event "Titled Tuesday intern op 18th Jul Late"]
[Site "Chess.com INT"]
[Date "2023.07.18"]
[Round "4"]
[White "Svane, Rasmus"]
[Black "Avila Bautista, Roberto Al"]
[Result "1-0"]
[WhiteElo "2625"]
[BlackElo "2251"]
[PlyCount "89"]
[EventDate "2023.07.18"]
[EventType "swiss (blitz)"]
[EventRounds "11"]
[EventCountry "USA"]
[SourceTitle "EXT 2024"]
[Source "ChessBase"]
[SourceDate "2023.10.10"]
[SourceVersion "1"]
[SourceVersionDate "2023.10.10"]
[SourceQuality "1"]

1. Nf3 Nf6 2. g3 g6 3. Bg2 Bg7 4. 0-0 0-0 5. d4 c5 6. dxc5 Na6 7. Be3 Qc7 8. Nc3 Nxc5 9. Bd4 d6 10. Bxf6 exf6 11. Nd5 Qd8 12. c3 Be6 13. Nd4 f5 14. e3 Rb8 15. Nf4 Qe7 16. Qe2 Ne4 17. Rfd1 Rfc8 18. Qd3 Bc4 19. Qc2 a5 20. a4 Nc5 21. Bd5 Ne4 22. Bxc4 Rxc4 23. Nb5 h5 24. Qd3 Rc6 25. h4 Be5 26. Nd5 Qd8 27. Kg2 Nc5 28. Qe2 Ne4 29. Rac1 Nf6 30. Nxf6+ Qxf6 31. Rc2 Qe7 32. c4 Rd8 33. Rcd2 Qe6 34. b3 Kg7 35. Qf3 Bf6 36. Rd5 Rc5 37. Rxc5 dxc5 38. Rxd8 Bxd8 39. Qxb7 Bf6 40. Qd5 Qe7 41. Nd6 Be5 42. Nxf7 Bf6 43. Nd6 Qd7 44. Nb7 Qe7 45. Nxc5 1-0

[Event "Titled Tuesday intern op 11th Jul Early"]
[Site "Chess.com INT"]
[Date "2023.07.11"]
[Round "5"]
[White "Kosteniuk, Alexandra"]
[Black "Avila Bautista, Roberto Al"]
[Result "1-0"]
[WhiteElo "2532"]
[BlackElo "2251"]
[PlyCount "135"]
[EventDate "2023.07.11"]
[EventType "swiss (blitz)"]
[EventRounds "11"]
[EventCountry "USA"]
[SourceTitle "EXT 2024"]
[Source "ChessBase"]
[SourceDate "2023.10.10"]
[SourceVersion "1"]
[SourceVersionDate "2023.10.10"]
[SourceQuality "1"]

1. e4 c5 2. c3 d5 3. exd5 Qxd5 4. d4 g6 5. Nf3 Bg7 6. Nbd2 cxd4 7. Bc4 Qd8 8. Nxd4 Nf6 9. 0-0 0-0 10. N2f3 b6 11. Qe2 Bb7 12. Ne5 Bd5 13. Rd1 e6 14. Bg5 h6 15. Bh4 g5 16. Bg3 Qe7 17. Bxd5 Nxd5 18. Nef3 Qb7 19. Nxe6 Re8 20. Rxd5 Qxd5 21. Nc7 Rxe2 22. Nxd5 Nc6 23. Rb1 Rd8 24. Ne3 f5 25. Kf1 Red2 26. Nxd2 Rxd2 27. Nxf5 Bf8 28. Ke1 Rd7 29. Rd1 Rxd1+ 30. Kxd1 Kf7 31. Kc2 Ke6 32. Ne3 Be7 33. Kd3 h5 34. h3 h4 35. Bh2 b5 36. Ke4 a5 37. Nf5 Bf6 38. Nd4+ Bxd4 39. cxd4 Nb4 40. a3 Nc2 41. f4 gxf4 42. Bxf4 b4 43. axb4 axb4 44. Bg5 b3 45. Bxh4 Na3 46. Be1 Nc4 47. Bc3 Nd6+ 48. Kd3 Nb5 49. Kc4 Nd6+ 50. Kxb3 Kd5 51. Kc2 Ne4 52. h4 Nf6 53. Kd3 Nh5 54. Bd2 Nf6 55. b4 Ne4 56. Be1 Nf6 57. b5 Kd6 58. b6 Kc6 59. Bd2 Nd7 60. Ba5 Nf6 61. b7 Nd5 62. Bd2 Kxb7 63. g4 Kc6 64. h5 Nf6 65. h6 Nxg4 66. h7 Nf2+ 67. Ke2 Ng4 68. h8Q 1-0